01010nam a22002057a 4500003000400000005001700004008004100021040002200062082002000084100001900104245005400123260004000177300002900217520033000246546001300576700001800589942003400607952014600641999001700787OSt20260513004759.0260513b |||||||| |||| 00| 0 eng d aDWCL GS lib cOC  aFic. K94k 2002  aKrulik, Nancy  akatie kazoo, switchero: boh baby!cNancy Krulik  aNew York bGroset |& Dunlap cc2002 a76billustrations c21cm aIn Katie Kazoo, Switcheroo: Oh, Baby! (#3) by Nancy Krulik, third-grader Katie Carew is transformed by a magic wind into her best friend Suzanne’s baby sister, Heather. While trapped in the body of a baby, Katie learns to appreciate her life as a schoolkid while causing chaotic, humorous situations for Suzanne’s family. aEnglish  aNancy Krulik  2ddccFIC.hFic. K94k 2002 n0 00102ddc4070aDWCLGSbDWCLGScGS-Libraryd2026-05-13eSchool Fund, Donationl0oFic. K94k 2002 p20064r2026-05-13w2026-05-13yFIC.0@u c10365d10365